000 00384nam a2200169Ia 4500
003 OSt
008 191201s2009 xx 000 0 und d
020 _a9788176567527
082 _a004
_bSIC
100 _aSINHA, Pradeep Kumar
245 0 _aComputer Fundamentals
250 _aRep.
260 _aN.Delhi
_bBPB Publication
_c2011
300 _a457
650 _aMCA
942 _2ddc
_cBK
999 _c3992
_d3992